| 000 | 00483nam a2200133Ia 4500 | ||
|---|---|---|---|
| 008 | 160809s9999 xx 000 0 und d | ||
| 100 | _aMolina, Jose Granero. | ||
| 245 | _aPatient Dignity at The End-Of-Life: Is it Possible in Critical Care? | ||
| 245 | _cJose Granero-Molina. | ||
| 260 | _bJournal of Nursing and Care | ||
| 260 | _cFebruary 2016 | ||
| 650 | _xNURSING | ||
| 856 | _uhttp://www.omicsgroup.org/journals/ArchiveJNC/jnc-archive.php?journal=jnc&month=February&year=2028 | ||
| 999 |
_c300161 _d300161 |
||